| 000 | 00881cab a2200241 4500 | ||
|---|---|---|---|
| 001 | ABS50325 | ||
| 008 | 090401t1994 xxu||||| |||| 00| 0 eng d | ||
| 035 | _a(Sirsi) u75310 | ||
| 041 | _aeng | ||
| 100 | _aRowe, M. | ||
| 245 | _aParadox in Paris | ||
| 260 | _c1994 | ||
| 350 | _a0 | ||
| 490 |
_aEuroProperty _v29-32(4) March 1994, 29-32(4) |
||
| 520 | _aInvestigates the French property market, in Paris, where despite the fall in property prices, there seem to be few investors actively picking up bargains. Looks at the office sector, and the possibility of attracting Japanese and American investors. | ||
| 650 | _aFRANCE | ||
| 650 | _aPROPERTY-COMMERCIAL PROPERTY-OFFICE PROPERTY-OFFICE PROPERTY MARKET | ||
| 650 | _aPARIS | ||
| 690 | _aPROPERTY-COMMERCIAL PROPERTY-COMMERCIAL PROPERTY MARKET | ||
| 690 | _aOVERSEAS-EUROPE | ||
| 942 | _n0 | ||
| 948 | _c04/03/1997 | ||
| 999 |
_c47438 _d47438 |
||